| 000 | 02726cam a2200397 a 4500 | ||
|---|---|---|---|
| 001 | 15902587 | ||
| 003 | OSt | ||
| 005 | 20251015152038.0 | ||
| 008 | 090911s2010 enka b 001 0 eng d | ||
| 010 | _a 2009936745 | ||
| 015 |
_aGBA936970 _2bnb |
||
| 015 |
_a015-10972 _2bnb |
||
| 015 |
_aGBA-93697 _2bnb |
||
| 016 | 7 |
_a015109722 _2Uk |
|
| 020 | _a9781848440418 (hbk.) | ||
| 020 | _a1848440413 (hbk.) | ||
| 035 | _a(OCoLC)ocn318673288 | ||
| 040 | _cmust | ||
| 042 | _alccopycat | ||
| 082 | 0 | 4 |
_a338.04 HOL 2010 _222 |
| 084 |
_a85.00 _2bcl |
||
| 084 |
_aQP 230 _2rvk |
||
| 100 |
_aEdited by Holmquist, Carin; Wiklund, Johan _919478 |
||
| 245 | 0 | 0 |
_aEntrepreneurship and the Creation of Small Firms : _bempirical studies of new ventures |
| 260 |
_aCheltenham, UK ; _bEdward Elgar, _cc2010. |
||
| 300 |
_axi, 214 p. : _bill. ; _c25 cm. |
||
| 504 | _aIncludes bibliographical references and index. | ||
| 505 | 0 | 0 |
_gIntroduction / _rCarin Holmquist, Johan Wiklund -- _tNew start up firms among Swedish patent holders / _rRoger Svensson -- _tEntrepreneurial human capital : a real options perspective / _rKarl Wennberg -- _tNew ventures' entry strategies : a comparison of academic and non academic business startups / _rSari Roininen, Håkan Ylinenpää -- _tHow human capital affects self employment among the science and technology labor force / _rJohan Wiklund, Frédéric Delmar, Karin Hellerstedt -- _tFraming of new business concepts in established corporations : an explanatory investigation / _rChristian Czernich, Ivo Zander -- _tRefueling or running dry : entrepreneurs' energetic resources and the start up process / _rAnders Landberg -- _tInternational entrepreneurship and the theory of effectuation / _rSvante Andersson -- _tLearning from Swedish entrepreneurship research / _rCarin Holmquist, Johan Wiklund. |
| 520 | 1 | _a"Entrepreneurship research often presupposes similarities between national contexts despite evidence of extensive differences. This timely study focuses on the important issue of new venture creation using a variety of data sources, methods and theories." "The authors demonstrate the factors that aid or hinder new venture creation in a number of settings. The empirical context underpinning this research is Sweden - a small open economy with a renowned quality of data that allows important research questions to be uniquely addressed with great concern for relevance and policy implications."--BOOK JACKET. | |
| 650 | 0 |
_aEntrepreneurship. _96831 |
|
| 650 | 0 |
_aBusiness enterprises. _918526 |
|
| 655 | 4 |
_aAufsatzsammlung. _913501 |
|
| 906 |
_a7 _bcbc _ccopycat _d2 _encip _f20 _gy-gencatlg |
||
| 942 |
_2ddc _cO_SHELF |
||
| 999 |
_c9103 _d9103 |
||